[Event "DVM U10 2023"]
[Site "Magdeburg GER"]
[Date "2023.12.28"]
[Round "5"]
[White "Serwane, Ruben"]
[Black "Goyush, Shams"]
[Result "1-0"]
[Termination "normal"]
[Board "2.4"]
[WhiteElo "1636"]
[BlackElo "1091"]
[WhiteClock "00:44:11"]
[BlackClock "00:27:57"]
[WhiteTeam "TV Tegernsee"]
[BlackTeam "Schachzentrum Bemerode"]
[PlyCount "87"]
[WhiteFideId "34660232"]
[EventCountry "GER"]
[EventRounds "7"]
[EventType "team-swiss"]
[EventDate "2023.12.27"]

1. e4 {[%clk 00:55:07]} {[%emt 00:00:03]} e5 {[%clk 00:55:04]} {[%emt
00:00:05]} 2. Nf3 {[%clk 00:55:08]} {[%emt 00:00:05]} Nc6 {[%clk 00:55:00]}
{[%emt 00:00:09]} 3. Bc4 {[%clk 00:55:07]} {[%emt 00:00:07]} Bc5 {[%clk
00:54:57]} {[%emt 00:00:06]} 4. c3 {[%clk 00:55:06]} {[%emt 00:00:07]} Nf6
{[%clk 00:54:57]} {[%emt 00:00:05]} 5. d4 {[%clk 00:55:06]} {[%emt 00:00:05]}
exd4 {[%clk 00:54:53]} {[%emt 00:00:09]} 6. cxd4 {[%clk 00:55:05]} {[%emt
00:00:07]} Bb4+ {[%clk 00:54:45]} {[%emt 00:00:13]} 7. Nc3 {[%clk 00:55:05]}
{[%emt 00:00:05]} Nxe4 {[%clk 00:54:13]} {[%emt 00:00:36]} 8. O-O {[%clk
00:55:04]} {[%emt 00:00:06]} Nxc3 {[%clk 00:53:47]} {[%emt 00:00:31]} 9. bxc3
{[%clk 00:55:03]} {[%emt 00:00:06]} Bxc3 {[%clk 00:53:31]} {[%emt 00:00:21]}
10. Qb3 {[%clk 00:54:52]} {[%emt 00:00:16]} d5 {[%clk 00:53:04]} {[%emt
00:00:32]} 11. Bxd5 {[%clk 00:52:41]} {[%emt 00:02:16]} Be6 {[%clk 00:52:39]}
{[%emt 00:00:22]} 12. Bxc6+ {[%clk 00:52:40]} {[%emt 00:00:14]} bxc6 {[%clk
00:51:26]} {[%emt 00:01:17]} 13. Qxc3 {[%clk 00:52:27]} {[%emt 00:00:19]} O-O
{[%clk 00:50:35]} {[%emt 00:00:53]} 14. Bb2 {[%clk 00:52:17]} {[%emt 00:00:18]}
Qf6 {[%clk 00:49:36]} {[%emt 00:01:03]} 15. Qe3 {[%clk 00:51:48]} {[%emt
00:00:35]} Rfe8 {[%clk 00:47:33]} {[%emt 00:02:08]} 16. Qe5 {[%clk 00:51:29]}
{[%emt 00:00:24]} Qg6 {[%clk 00:45:57]} {[%emt 00:01:40]} 17. Rfe1 {[%clk
00:50:31]} {[%emt 00:01:04]} Rac8 {[%clk 00:41:37]} {[%emt 00:04:23]} 18. Nh4
{[%clk 00:49:56]} {[%emt 00:00:42]} Qh6 {[%clk 00:39:02]} {[%emt 00:02:34]} 19.
Nf5 {[%clk 00:49:41]} {[%emt 00:00:26]} Qg6 {[%clk 00:37:11]} {[%emt 00:01:52]}
20. Nxg7 {[%clk 00:49:16]} {[%emt 00:00:35]} Qxg7 {[%clk 00:36:29]} {[%emt
00:00:45]} 21. Qxg7+ {[%clk 00:49:15]} {[%emt 00:00:07]} Kxg7 {[%clk 00:36:17]}
{[%emt 00:00:16]} 22. d5+ {[%clk 00:49:15]} {[%emt 00:00:06]} Kg8 {[%clk
00:35:45]} {[%emt 00:00:36]} 23. dxe6 {[%clk 00:49:14]} {[%emt 00:00:08]} fxe6
{[%clk 00:34:10]} {[%emt 00:01:39]} 24. Rad1 {[%clk 00:46:59]} {[%emt
00:02:20]} c5 {[%clk 00:33:07]} {[%emt 00:01:05]} 25. Rd7 {[%clk 00:45:59]}
{[%emt 00:01:08]} Kf8 {[%clk 00:31:23]} {[%emt 00:01:44]} 26. Re3 {[%clk
00:45:28]} {[%emt 00:00:42]} Re7 {[%clk 00:30:54]} {[%emt 00:00:29]} 27. Rf3+
{[%clk 00:45:06]} {[%emt 00:00:31]} Ke8 {[%clk 00:30:54]} {[%emt 00:00:04]} 28.
Rxe7+ {[%clk 00:45:00]} {[%emt 00:00:13]} Kxe7 {[%clk 00:30:46]} {[%emt
00:00:13]} 29. g3 {[%clk 00:44:58]} {[%emt 00:00:06]} Rf8 {[%clk 00:30:11]}
{[%emt 00:00:39]} 30. Rxf8 {[%clk 00:44:54]} {[%emt 00:00:09]} Kxf8 {[%clk
00:30:05]} {[%emt 00:00:12]} 31. Ba3 {[%clk 00:44:54]} {[%emt 00:00:05]} Ke8
{[%clk 00:29:32]} {[%emt 00:00:38]} 32. Bxc5 {[%clk 00:44:53]} {[%emt
00:00:07]} a5 {[%clk 00:29:29]} {[%emt 00:00:07]} 33. f4 {[%clk 00:44:51]}
{[%emt 00:00:08]} Kd7 {[%clk 00:29:24]} {[%emt 00:00:08]} 34. g4 {[%clk
00:44:40]} {[%emt 00:00:17]} Kc6 {[%clk 00:29:22]} {[%emt 00:00:08]} 35. Bd4
{[%clk 00:44:29]} {[%emt 00:00:15]} Kb5 {[%clk 00:29:16]} {[%emt 00:00:11]} 36.
f5 {[%clk 00:44:23]} {[%emt 00:00:12]} exf5 {[%clk 00:29:05]} {[%emt 00:00:15]}
37. gxf5 {[%clk 00:44:23]} {[%emt 00:00:05]} Kb4 {[%clk 00:29:03]} {[%emt
00:00:07]} 38. f6 {[%clk 00:44:14]} {[%emt 00:00:13]} Ka3 {[%clk 00:29:02]}
{[%emt 00:00:06]} 39. f7 {[%clk 00:44:14]} {[%emt 00:00:06]} Kxa2 {[%clk
00:28:55]} {[%emt 00:00:12]} 40. f8=Q {[%clk 00:44:13]} {[%emt 00:00:06]} a4
{[%clk 00:28:30]} {[%emt 00:00:30]} 41. Qb4 {[%clk 00:44:11]} {[%emt 00:00:07]}
a3 {[%clk 00:28:17]} {[%emt 00:00:18]} 42. Qc4+ {[%clk 00:44:12]} {[%emt
00:00:05]} Kb1 {[%clk 00:28:07]} {[%emt 00:00:14]} 43. Qb3+ {[%clk 00:44:11]}
{[%emt 00:00:05]} Kc1 {[%clk 00:27:57]} {[%emt 00:00:15]} 44. Be3# {[%clk
00:44:11]} {[%emt 00:00:06]} 1-0

[Event "DVM U10 2023"]
[Site "Magdeburg GER"]
[Date "2023.12.28"]
[Round "5"]
[White "Müller, Konstantin"]
[Black "Kukhtichev, Maksim"]
[Result "1-0"]
[Termination "normal"]
[Board "3.1"]
[WhiteElo "1614"]
[BlackElo "1399"]
[WhiteClock "00:25:23"]
[BlackClock "00:12:03"]
[WhiteTeam "SK Münster 32"]
[BlackTeam "SK Bad Homburg 1927"]
[PlyCount "59"]
[WhiteFideId "34661778"]
[BlackFideId "34638881"]
[EventCountry "GER"]
[EventRounds "7"]
[EventType "team-swiss"]
[EventDate "2023.12.27"]

1. e4 {[%clk 00:55:07]} {[%emt 00:00:02]} e5 {[%clk 00:55:04]} {[%emt
00:00:07]} 2. Nf3 {[%clk 00:54:54]} {[%emt 00:00:18]} Nf6 {[%clk 00:54:57]}
{[%emt 00:00:12]} 3. Nc3 {[%clk 00:54:36]} {[%emt 00:00:23]} Nc6 {[%clk
00:54:54]} {[%emt 00:00:08]} 4. d4 {[%clk 00:54:15]} {[%emt 00:00:26]} exd4
{[%clk 00:54:32]} {[%emt 00:00:27]} 5. Nxd4 {[%clk 00:54:10]} {[%emt 00:00:10]}
Bc5 {[%clk 00:54:25]} {[%emt 00:00:11]} 6. Be3 {[%clk 00:53:21]} {[%emt
00:00:55]} Bb6 {[%clk 00:54:16]} {[%emt 00:00:13]} 7. Qd2 {[%clk 00:53:08]}
{[%emt 00:00:19]} O-O {[%clk 00:53:42]} {[%emt 00:00:39]} 8. Bc4 {[%clk
00:52:45]} {[%emt 00:00:27]} Ba5 {[%clk 00:52:39]} {[%emt 00:01:09]} 9. f3
{[%clk 00:48:42]} {[%emt 00:04:08]} d6 {[%clk 00:51:52]} {[%emt 00:00:52]} 10.
O-O-O {[%clk 00:48:22]} {[%emt 00:00:25]} Ne5 {[%clk 00:49:50]} {[%emt
00:02:07]} 11. Be2 {[%clk 00:45:41]} {[%emt 00:02:45]} Qe7 {[%clk 00:43:47]}
{[%emt 00:06:09]} 12. g4 {[%clk 00:43:15]} {[%emt 00:02:30]} Nc6 {[%clk
00:40:02]} {[%emt 00:03:49]} 13. g5 {[%clk 00:40:37]} {[%emt 00:02:44]} Nd7
{[%clk 00:36:08]} {[%emt 00:03:59]} 14. h4 {[%clk 00:37:55]} {[%emt 00:02:47]}
Re8 {[%clk 00:31:46]} {[%emt 00:04:27]} 15. Rdg1 {[%clk 00:35:12]} {[%emt
00:02:48]} Nb4 {[%clk 00:28:32]} {[%emt 00:03:20]} 16. Kb1 {[%clk 00:34:18]}
{[%emt 00:01:00]} Nd5 {[%clk 00:27:05]} {[%emt 00:01:22]} 17. Nxd5 {[%clk
00:34:00]} {[%emt 00:00:31]} Bxd2 {[%clk 00:27:01]} {[%emt 00:00:10]} 18. Nxe7+
{[%clk 00:33:44]} {[%emt 00:00:21]} Rxe7 {[%clk 00:26:48]} {[%emt 00:00:17]}
19. Bxd2 {[%clk 00:33:32]} {[%emt 00:00:18]} d5 {[%clk 00:26:37]} {[%emt
00:00:16]} 20. Nf5 {[%clk 00:33:03]} {[%emt 00:00:34]} Re8 {[%clk 00:26:24]}
{[%emt 00:00:17]} 21. Ng3 {[%clk 00:32:21]} {[%emt 00:00:47]} dxe4 {[%clk
00:23:52]} {[%emt 00:02:38]} 22. fxe4 {[%clk 00:31:31]} {[%emt 00:00:55]} b6
{[%clk 00:23:04]} {[%emt 00:00:54]} 23. Bb5 {[%clk 00:30:53]} {[%emt 00:00:42]}
Rd8 {[%clk 00:18:27]} {[%emt 00:04:42]} 24. Bc6 {[%clk 00:29:57]} {[%emt
00:01:01]} Rb8 {[%clk 00:18:09]} {[%emt 00:00:23]} 25. Bc3 {[%clk 00:29:31]}
{[%emt 00:00:31]} Bb7 {[%clk 00:17:45]} {[%emt 00:00:30]} 26. Nf5 {[%clk
00:28:59]} {[%emt 00:00:36]} Nc5 {[%clk 00:13:44]} {[%emt 00:04:05]} 27. Bxb7
{[%clk 00:28:38]} {[%emt 00:00:26]} Rxb7 {[%clk 00:13:39]} {[%emt 00:00:11]}
28. Rd1 {[%clk 00:26:48]} {[%emt 00:01:55]} Rbb8 {[%clk 00:12:58]} {[%emt
00:00:45]} 29. e5 {[%clk 00:26:13]} {[%emt 00:00:40]} Ne4 {[%clk 00:12:03]}
{[%emt 00:01:01]} 30. Ne7+ {[%clk 00:25:23]} {[%emt 00:00:55]} 1-0

[Event "DVM U10 2023"]
[Site "Magdeburg GER"]
[Date "2023.12.28"]
[Round "5"]
[White "Pflugbeil, Julian"]
[Black "Schwetz, Emil Oliver"]
[Result "1-0"]
[Termination "normal"]
[Board "3.2"]
[WhiteElo "1284"]
[BlackElo "1411"]
[WhiteClock "00:39:20"]
[BlackClock "00:30:26"]
[WhiteTeam "SK Bad Homburg 1927"]
[BlackTeam "SK Münster 32"]
[PlyCount "51"]
[WhiteFideId "34608850"]
[BlackFideId "34664041"]
[EventCountry "GER"]
[EventRounds "7"]
[EventType "team-swiss"]
[EventDate "2023.12.27"]

1. Nf3 {[%clk 00:55:07]} {[%emt 00:00:02]} d5 {[%clk 00:55:05]} {[%emt
00:00:05]} 2. g3 {[%clk 00:55:09]} {[%emt 00:00:03]} Nc6 {[%clk 00:55:05]}
{[%emt 00:00:04]} 3. d4 {[%clk 00:55:06]} {[%emt 00:00:09]} Bf5 {[%clk
00:55:02]} {[%emt 00:00:08]} 4. Bg2 {[%clk 00:55:06]} {[%emt 00:00:05]} Nf6
{[%clk 00:55:04]} {[%emt 00:00:03]} 5. O-O {[%clk 00:54:59]} {[%emt 00:00:12]}
e6 {[%clk 00:54:54]} {[%emt 00:00:16]} 6. Bf4 {[%clk 00:54:37]} {[%emt
00:00:27]} Be7 {[%clk 00:54:37]} {[%emt 00:00:20]} 7. c4 {[%clk 00:54:24]}
{[%emt 00:00:19]} O-O {[%clk 00:53:52]} {[%emt 00:00:49]} 8. Nc3 {[%clk
00:54:17]} {[%emt 00:00:13]} Qd7 {[%clk 00:53:14]} {[%emt 00:00:43]} 9. Re1
{[%clk 00:53:42]} {[%emt 00:00:41]} h6 {[%clk 00:52:54]} {[%emt 00:00:24]} 10.
Rc1 {[%clk 00:53:04]} {[%emt 00:00:43]} Rad8 {[%clk 00:51:22]} {[%emt
00:01:35]} 11. cxd5 {[%clk 00:52:31]} {[%emt 00:00:40]} exd5 {[%clk 00:51:04]}
{[%emt 00:00:23]} 12. Nh4 {[%clk 00:52:02]} {[%emt 00:00:34]} Bh7 {[%clk
00:50:50]} {[%emt 00:00:18]} 13. Nf3 {[%clk 00:50:53]} {[%emt 00:01:16]} Bf5
{[%clk 00:50:32]} {[%emt 00:00:23]} 14. Qb3 {[%clk 00:49:49]} {[%emt 00:01:08]}
Na5 {[%clk 00:49:25]} {[%emt 00:01:12]} 15. Qb5 {[%clk 00:49:06]} {[%emt
00:00:48]} Nc6 {[%clk 00:48:40]} {[%emt 00:00:48]} 16. e3 {[%clk 00:42:54]}
{[%emt 00:06:19]} Nh5 {[%clk 00:47:41]} {[%emt 00:01:02]} 17. Ne2 {[%clk
00:42:34]} {[%emt 00:00:27]} g5 {[%clk 00:47:17]} {[%emt 00:00:29]} 18. Qxb7
{[%clk 00:41:59]} {[%emt 00:00:40]} gxf4 {[%clk 00:44:08]} {[%emt 00:03:14]}
19. Rxc6 {[%clk 00:41:53]} {[%emt 00:00:11]} fxe3 {[%clk 00:42:42]} {[%emt
00:01:31]} 20. Rxc7 {[%clk 00:41:20]} {[%emt 00:00:39]} exf2+ {[%clk 00:42:05]}
{[%emt 00:00:42]} 21. Kxf2 {[%clk 00:41:14]} {[%emt 00:00:10]} Qd6 {[%clk
00:35:24]} {[%emt 00:06:46]} 22. Rxe7 {[%clk 00:41:05]} {[%emt 00:00:15]} Nf6
{[%clk 00:33:00]} {[%emt 00:02:29]} 23. Nf4 {[%clk 00:40:44]} {[%emt 00:00:25]}
Ng4+ {[%clk 00:32:03]} {[%emt 00:01:02]} 24. Kg1 {[%clk 00:40:41]} {[%emt
00:00:08]} Rb8 {[%clk 00:31:25]} {[%emt 00:00:43]} 25. Qxa7 {[%clk 00:39:33]}
{[%emt 00:01:14]} Rxb2 {[%clk 00:30:26]} {[%emt 00:01:03]} 26. R7e2 {[%clk
00:39:20]} {[%emt 00:00:18]} 1-0

[Event "DVM U10 2023"]
[Site "Magdeburg GER"]
[Date "2023.12.28"]
[Round "5"]
[White "Stentrup, Levi"]
[Black "Beier, Martin"]
[Result "1/2-1/2"]
[Termination "normal"]
[Board "3.3"]
[WhiteElo "1169"]
[BlackElo "1321"]
[WhiteClock "00:42:18"]
[BlackClock "00:23:33"]
[WhiteTeam "SK Münster 32"]
[BlackTeam "SK Bad Homburg 1927"]
[PlyCount "74"]
[WhiteFideId "34692509"]
[BlackFideId "34631879"]
[EventCountry "GER"]
[EventRounds "7"]
[EventType "team-swiss"]
[EventDate "2023.12.27"]

1. e4 {[%clk 00:55:08]} {[%emt 00:00:01]} e6 {[%clk 00:55:07]} {[%emt
00:00:04]} 2. d4 {[%clk 00:55:06]} {[%emt 00:00:07]} d5 {[%clk 00:55:07]}
{[%emt 00:00:05]} 3. exd5 {[%clk 00:54:57]} {[%emt 00:00:13]} exd5 {[%clk
00:55:06]} {[%emt 00:00:06]} 4. Nf3 {[%clk 00:54:51]} {[%emt 00:00:11]} Bd6
{[%clk 00:54:58]} {[%emt 00:00:12]} 5. Nc3 {[%clk 00:54:49]} {[%emt 00:00:09]}
Nf6 {[%clk 00:54:43]} {[%emt 00:00:20]} 6. Bg5 {[%clk 00:54:46]} {[%emt
00:00:08]} c6 {[%clk 00:54:40]} {[%emt 00:00:08]} 7. Bd3 {[%clk 00:54:35]}
{[%emt 00:00:15]} O-O {[%clk 00:54:23]} {[%emt 00:00:21]} 8. O-O {[%clk
00:54:19]} {[%emt 00:00:22]} Bg4 {[%clk 00:54:23]} {[%emt 00:00:04]} 9. Re1
{[%clk 00:54:08]} {[%emt 00:00:18]} Nbd7 {[%clk 00:54:22]} {[%emt 00:00:05]}
10. Be2 {[%clk 00:53:58]} {[%emt 00:00:15]} Qc7 {[%clk 00:54:00]} {[%emt
00:00:26]} 11. Bxf6 {[%clk 00:53:32]} {[%emt 00:00:32]} Nxf6 {[%clk 00:54:01]}
{[%emt 00:00:05]} 12. Ne5 {[%clk 00:53:28]} {[%emt 00:00:09]} Bxe5 {[%clk
00:52:50]} {[%emt 00:01:15]} 13. dxe5 {[%clk 00:53:16]} {[%emt 00:00:17]} Bxe2
{[%clk 00:52:43]} {[%emt 00:00:11]} 14. Qxe2 {[%clk 00:52:39]} {[%emt
00:00:43]} Nd7 {[%clk 00:52:18]} {[%emt 00:00:30]} 15. e6 {[%clk 00:52:06]}
{[%emt 00:00:38]} Nf6 {[%clk 00:51:16]} {[%emt 00:01:07]} 16. Rad1 {[%clk
00:51:08]} {[%emt 00:01:03]} Rae8 {[%clk 00:49:48]} {[%emt 00:01:33]} 17. e7
{[%clk 00:50:34]} {[%emt 00:00:40]} Qb6 {[%clk 00:48:49]} {[%emt 00:01:03]} 18.
exf8=Q+ {[%emt 00:00:42]} Kxf8 {[%emt 00:00:26]} 19. Qf3 {[%clk 00:49:10]}
{[%emt 00:00:20]} Rxe1+ {[%clk 00:46:34]} {[%emt 00:02:20]} 20. Rxe1 {[%clk
00:49:02]} {[%emt 00:00:14]} Qxb2 {[%clk 00:46:16]} {[%emt 00:00:23]} 21. Qf5
{[%clk 00:48:41]} {[%emt 00:00:25]} Ne4 {[%clk 00:44:49]} {[%emt 00:01:31]} 22.
Qc8+ {[%clk 00:48:29]} {[%emt 00:00:18]} Ke7 {[%clk 00:44:31]} {[%emt
00:00:23]} 23. Nxe4 {[%clk 00:48:25]} {[%emt 00:00:09]} dxe4 {[%clk 00:43:18]}
{[%emt 00:01:18]} 24. Rxe4+ {[%clk 00:48:25]} {[%emt 00:00:04]} Kd6 {[%clk
00:41:39]} {[%emt 00:01:44]} 25. Qb8+ {[%clk 00:47:48]} {[%emt 00:00:44]} Kd5
{[%clk 00:39:38]} {[%emt 00:02:06]} 26. Re1 {[%clk 00:47:39]} {[%emt 00:00:13]}
f6 {[%clk 00:37:34]} {[%emt 00:02:10]} 27. Qg8+ {[%clk 00:47:19]} {[%emt
00:00:26]} Kc5 {[%clk 00:36:41]} {[%emt 00:00:57]} 28. Qxg7 {[%clk 00:46:39]}
{[%emt 00:00:44]} Qc3 {[%clk 00:35:40]} {[%emt 00:01:06]} 29. Rb1 {[%clk
00:45:57]} {[%emt 00:00:47]} Qxc2 {[%clk 00:33:23]} {[%emt 00:02:23]} 30. Qxb7
{[%clk 00:45:53]} {[%emt 00:00:09]} Qa4 {[%clk 00:30:11]} {[%emt 00:03:15]} 31.
Qxh7 {[%clk 00:45:17]} {[%emt 00:00:42]} Qxa2 {[%clk 00:29:04]} {[%emt
00:01:13]} 32. h3 {[%clk 00:45:14]} {[%emt 00:00:08]} Qd2 {[%clk 00:28:01]}
{[%emt 00:01:07]} 33. Qxa7+ {[%clk 00:44:48]} {[%emt 00:00:32]} Kd6 {[%clk
00:24:10]} {[%emt 00:03:56]} 34. Qa8 {[%clk 00:44:01]} {[%emt 00:00:52]} Qc2
{[%clk 00:23:48]} {[%emt 00:00:26]} 35. Rb6 {[%clk 00:43:43]} {[%emt 00:00:25]}
Qc1+ {[%clk 00:23:40]} {[%emt 00:00:11]} 36. Kh2 {[%clk 00:43:37]} {[%emt
00:00:12]} Qf4+ {[%clk 00:23:42]} {[%emt 00:00:03]} 37. Kh1 {[%clk 00:42:18]}
{[%emt 00:01:24]} Qc1+ {[%clk 00:23:33]} {[%emt 00:00:13]} 1/2-1/2

[Event "DVM U10 2023"]
[Site "Magdeburg GER"]
[Date "2023.12.28"]
[Round "5"]
[White "Riazi, Dominik"]
[Black "Tolle, Jonathan"]
[Result "1-0"]
[Termination "normal"]
[Board "3.4"]
[WhiteElo "1162"]
[BlackElo "929"]
[WhiteClock "00:07:51"]
[BlackClock "00:10:35"]
[WhiteTeam "SK Bad Homburg 1927"]
[BlackTeam "SK Münster 32"]
[PlyCount "115"]
[EventCountry "GER"]
[EventRounds "7"]
[EventType "team-swiss"]
[EventDate "2023.12.27"]

1. e4 {[%clk 00:55:06]} {[%emt 00:00:03]} e5 {[%clk 00:55:08]} {[%emt
00:00:02]} 2. Nf3 {[%clk 00:55:08]} {[%emt 00:00:04]} Nc6 {[%clk 00:55:07]}
{[%emt 00:00:05]} 3. d4 {[%clk 00:55:09]} {[%emt 00:00:04]} exd4 {[%clk
00:55:09]} {[%emt 00:00:03]} 4. Bc4 {[%clk 00:54:59]} {[%emt 00:00:16]} Nf6
{[%clk 00:53:30]} {[%emt 00:01:44]} 5. e5 {[%clk 00:54:53]} {[%emt 00:00:11]}
Ne4 {[%clk 00:52:44]} {[%emt 00:00:50]} 6. c3 {[%clk 00:51:23]} {[%emt
00:03:36]} dxc3 {[%clk 00:47:52]} {[%emt 00:05:17]} 7. Qd5 {[%clk 00:48:09]}
{[%emt 00:03:19]} Nd6 {[%clk 00:43:24]} {[%emt 00:04:33]} 8. exd6 {[%emt
00:00:22]} Qf6 {[%clk 00:42:24]} {[%emt 00:01:02]} 9. Bg5 {[%clk 00:46:09]}
{[%emt 00:01:51]} Qg6 {[%clk 00:39:55]} {[%emt 00:02:34]} 10. Nxc3 {[%clk
00:43:58]} {[%emt 00:02:16]} Bxd6 {[%clk 00:38:28]} {[%emt 00:01:32]} 11. Nh4
{[%clk 00:43:01]} {[%emt 00:01:01]} Qe6+ {[%clk 00:36:11]} {[%emt 00:02:23]}
12. Qxe6+ {[%clk 00:41:58]} {[%emt 00:01:08]} dxe6 {[%clk 00:35:27]} {[%emt
00:00:48]} 13. O-O {[%clk 00:40:51]} {[%emt 00:01:13]} O-O {[%clk 00:35:12]}
{[%emt 00:00:20]} 14. Rad1 {[%clk 00:38:48]} {[%emt 00:02:07]} h6 {[%clk
00:34:23]} {[%emt 00:00:55]} 15. Be3 {[%clk 00:37:31]} {[%emt 00:01:22]} b6
{[%clk 00:34:08]} {[%emt 00:00:20]} 16. Nb5 {[%clk 00:34:43]} {[%emt 00:02:53]}
Be5 {[%clk 00:32:51]} {[%emt 00:01:23]} 17. f4 {[%clk 00:33:55]} {[%emt
00:00:52]} Bxb2 {[%clk 00:32:29]} {[%emt 00:00:26]} 18. Nxc7 {[%clk 00:32:30]}
{[%emt 00:01:31]} Rb8 {[%clk 00:31:46]} {[%emt 00:00:48]} 19. Bb5 {[%clk
00:28:04]} {[%emt 00:04:31]} Nb4 {[%clk 00:30:52]} {[%emt 00:00:58]} 20. f5
{[%clk 00:24:37]} {[%emt 00:03:31]} Bf6 {[%clk 00:30:08]} {[%emt 00:00:50]} 21.
g3 {[%clk 00:23:10]} {[%emt 00:01:33]} Bxh4 {[%clk 00:29:04]} {[%emt 00:01:08]}
22. gxh4 {[%clk 00:22:58]} {[%emt 00:00:18]} exf5 {[%clk 00:25:37]} {[%emt
00:03:31]} 23. Bf4 {[%clk 00:20:04]} {[%emt 00:03:00]} Rb7 {[%clk 00:24:50]}
{[%emt 00:00:52]} 24. a3 {[%clk 00:19:25]} {[%emt 00:00:45]} Nc2 {[%clk
00:24:06]} {[%emt 00:00:47]} 25. Bc6 {[%clk 00:19:06]} {[%emt 00:00:24]} Rb8
{[%clk 00:23:26]} {[%emt 00:00:45]} 26. Ne8 {[%clk 00:17:15]} {[%emt 00:01:55]}
Ba6 {[%clk 00:22:52]} {[%emt 00:00:39]} 27. Bxb8 {[%clk 00:16:57]} {[%emt
00:00:24]} Bxf1 {[%clk 00:22:53]} {[%emt 00:00:04]} 28. Rxf1 {[%clk 00:16:51]}
{[%emt 00:00:12]} Nd4 {[%clk 00:22:14]} {[%emt 00:00:42]} 29. Bd7 {[%clk
00:16:40]} {[%emt 00:00:17]} Ne2+ {[%clk 00:20:09]} {[%emt 00:02:10]} 30. Kf2
{[%clk 00:16:32]} {[%emt 00:00:13]} Nc3 {[%clk 00:19:44]} {[%emt 00:00:28]} 31.
Bxa7 {[%clk 00:14:44]} {[%emt 00:01:55]} Nd5 {[%clk 00:19:29]} {[%emt
00:00:19]} 32. Rd1 {[%clk 00:13:56]} {[%emt 00:00:53]} Nc3 {[%clk 00:19:17]}
{[%emt 00:00:17]} 33. Rd3 {[%clk 00:13:37]} {[%emt 00:00:25]} Ne4+ {[%clk
00:18:58]} {[%emt 00:00:23]} 34. Ke3 {[%clk 00:13:06]} {[%emt 00:00:36]} f6
{[%clk 00:18:17]} {[%emt 00:00:46]} 35. Nc7 {[%clk 00:12:18]} {[%emt 00:00:54]}
Nc5 {[%clk 00:17:34]} {[%emt 00:00:48]} 36. Be6+ {[%clk 00:10:24]} {[%emt
00:02:00]} Nxe6 {[%clk 00:16:18]} {[%emt 00:01:20]} 37. Nxe6 {[%clk 00:10:19]}
{[%emt 00:00:11]} Re8 {[%clk 00:16:20]} {[%emt 00:00:03]} 38. Rd6 {[%clk
00:10:15]} {[%emt 00:00:09]} Kf7 {[%clk 00:16:18]} {[%emt 00:00:07]} 39. Bxb6
{[%clk 00:09:26]} {[%emt 00:00:55]} Rxe6+ {[%clk 00:16:09]} {[%emt 00:00:13]}
40. Rxe6 {[%clk 00:09:24]} {[%emt 00:00:08]} Kxe6 {[%clk 00:16:04]} {[%emt
00:00:09]} 41. a4 {[%clk 00:08:58]} {[%emt 00:00:32]} Kd7 {[%clk 00:15:55]}
{[%emt 00:00:13]} 42. a5 {[%clk 00:08:54]} {[%emt 00:00:09]} Kc8 {[%clk
00:15:10]} {[%emt 00:00:49]} 43. a6 {[%clk 00:08:52]} {[%emt 00:00:08]} g6
{[%clk 00:14:13]} {[%emt 00:01:01]} 44. Kf4 {[%clk 00:08:46]} {[%emt 00:00:12]}
h5 {[%clk 00:13:52]} {[%emt 00:00:25]} 45. Bd4 {[%clk 00:08:35]} {[%emt
00:00:16]} Kc7 {[%clk 00:12:15]} {[%emt 00:01:43]} 46. Bxf6 {[%clk 00:08:26]}
{[%emt 00:00:14]} Kb6 {[%clk 00:12:07]} {[%emt 00:00:12]} 47. Kg5 {[%clk
00:08:26]} {[%emt 00:00:06]} Kxa6 {[%clk 00:12:01]} {[%emt 00:00:10]} 48. Kxg6
{[%clk 00:08:22]} {[%emt 00:00:08]} f4 {[%clk 00:11:53]} {[%emt 00:00:14]} 49.
Kxh5 {[%clk 00:08:21]} {[%emt 00:00:07]} f3 {[%clk 00:11:52]} {[%emt 00:00:05]}
50. Bd4 {[%clk 00:08:22]} {[%emt 00:00:04]} Kb5 {[%clk 00:11:51]} {[%emt
00:00:06]} 51. Kg5 {[%clk 00:08:19]} {[%emt 00:00:08]} Kc4 {[%clk 00:11:50]}
{[%emt 00:00:07]} 52. Ba7 {[%clk 00:08:16]} {[%emt 00:00:09]} Kd5 {[%clk
00:11:16]} {[%emt 00:00:38]} 53. h5 {[%clk 00:08:14]} {[%emt 00:00:07]} Ke6
{[%clk 00:11:16]} {[%emt 00:00:05]} 54. h6 {[%clk 00:08:03]} {[%emt 00:00:17]}
Kf7 {[%clk 00:11:12]} {[%emt 00:00:08]} 55. Bd4 {[%clk 00:07:59]} {[%emt
00:00:09]} Kg8 {[%clk 00:11:08]} {[%emt 00:00:09]} 56. Kg6 {[%clk 00:07:57]}
{[%emt 00:00:07]} f2 {[%clk 00:10:56]} {[%emt 00:00:16]} 57. h7+ {[%clk
00:07:51]} {[%emt 00:00:12]} Kf8 {[%clk 00:10:35]} {[%emt 00:00:26]} 58. Bxf2
{[%emt 00:00:35]} 1-0